| 000 | 00339nam a2200133Ia 4500 | ||
|---|---|---|---|
| 008 | 220204s9999 xx 000 0 und d | ||
| 082 |
_a678 _bHOU |
||
| 100 | _aBouman, H | ||
| 245 | 0 | _aClassification of high polymers: A Review | |
| 260 |
_aLondon _bButterworths _c1960 |
||
| 650 | _aPolymer science | ||
| 700 | _aHouwink, R | ||
| 942 | _cBK | ||
| 999 |
_c21148 _d21148 |
||